| 000 | 00758nam a22002297a 4500 | ||
|---|---|---|---|
| 005 | 20170124110203.0 | ||
| 010 | _aB-041362 | ||
| 020 |
_c495.00 _a8120317777 |
||
| 035 | _aB-041362 | ||
| 037 | _bCen Lib/Ret | ||
| 040 |
_aDPL _bEN |
||
| 082 |
_a005.3 _bJAC |
||
| 100 |
_aJacobson, Reed _936626 |
||
| 245 |
_aMicrosoft Excel 2000 Visual basic for application : _cby Reed Jacobson _bfundamentals / |
||
| 260 |
_aNew Delhi _bPrintice-Hall of India _c1999 |
||
| 270 |
_aM-97, Cannaught Circus _bNew Delhi _e110001 |
||
| 300 |
_axvii,345p. : _c24cm (Hb) _b1ll. |
||
| 500 | _aIncludes index | ||
| 650 |
_aVisual Basic (Computer program language) _942812 |
||
| 650 |
_aMicrosoft Excel (Computer file) _923261 |
||
| 942 |
_2ddc _cEN _h005.3 _mJAC |
||
| 999 |
_c133040 _d133040 |
||